| 000 | 00658ngm a2200169 a 4500 | ||
|---|---|---|---|
| 005 | 20240816063719.0 | ||
| 008 | 010918s1980 mx 006 aaspa d | ||
| 035 | _aUPN01000111728 | ||
| 049 | _aAV | ||
| 050 | 4 | _aPVI Q 1144 | |
| 245 | 0 | 1 | _a¿Cómo crecen los animales? |
| 260 |
_aMéxico : _bPelículas Ebesa [distribuidor], _c[198-?]. |
||
| 300 |
_a1 videocasete (VHS) (6 min.) : _bson., col. |
||
| 520 | _aLa oruga se convierte en mariposa, el renacuajo se convierte en rana. Este programa es un estudio básico bellamente ilustrado sobre las distintas maneras en las que diferentes animales crecen | ||
| 650 | 2 |
_aAnimales _91051 |
|
| 905 | _aAudiovisuales | ||
| 999 |
_c85636 _d85636 |
||